00526nam a22001817a 450000500170000001000130001702000260003003500130005603700090006908200110007810000140008924500520010326000410015527000810019630000340027750000180031170000150032920210728115030.0 aB-740666 a9788123761060c140.00 aB-740666 bGift a031.02 aPal, Yash aRandom curiosity /cby Yash Pal [and] Rahul Pal bNational Book Trustc2011aNew Delhi aNehru Bhawan, 5 Institutional Area, Phase-II, Vasant KunjbNew Delhie110070 axxxv, 258p.:c21cm(pbk)bill. ainclude index aPal, Rahul